|
|
|
|
| LEADER |
02492nam a2200529 ia4500 |
| 001 |
nkc20233547458 |
| 003 |
CZ PrNK |
| 005 |
20231026132353.0 |
| 007 |
ta |
| 008 |
230911s2023 xr ab g p 000 0 cze |
| 015 |
|
|
|a cnb003547458
|
| 020 |
|
|
|a 978-80-88466-18-5
|q (1 ;
|q brožováno)
|
| 020 |
|
|
|a 978-80-88466-19-2
|q (2 ;
|q brožováno)
|
| 020 |
|
|
|a 978-80-88466-20-8
|q (3 ;
|q brožováno)
|
| 020 |
|
|
|a 978-80-88466-21-5
|q (4 ;
|q brožováno)
|
| 020 |
|
|
|a 978-80-88466-22-2
|q (5 ;
|q brožováno)
|
| 035 |
|
|
|a (OCoLC)1402155088
|
| 040 |
|
|
|a ABA001
|b cze
|e rda
|
| 072 |
|
7 |
|a 373.2/.3
|x Předškolní a primární výchova a vzdělávání
|2 Konspekt
|9 22
|
| 072 |
|
7 |
|a 37.016
|x Učební osnovy. Vyučovací předměty. Učebnice
|2 Konspekt
|9 22
|
| 080 |
|
|
|a 373.3.016
|2 MRF
|
| 080 |
|
|
|a (076.1)
|2 MRF
|
| 100 |
1 |
|
|a Staněk, Martin,
|d 1989-
|7 jo20201068881
|4 aut
|
| 245 |
1 |
0 |
|a Opakuj si o prázdninách :
|b pracovní sešit /
|c autoři: Martin Staněk a kolektiv autorů ; ilustrace: Tomáš Wantulok
|
| 246 |
1 |
|
|i Název v tiráži:
|a Pracovní sešit - opakuj si o prázdninách
|
| 264 |
|
1 |
|a Praha :
|b V lavici s.r.o. - vzdělávací portál pro pedagogy, žáky a jejich rodiče,
|c [2023]
|
| 300 |
|
|
|a 5 svazků (42; 42; 42; 42; 42 stran) :
|b ilustrace, mapy ;
|c 21 cm
|
| 336 |
|
|
|a text
|b txt
|2 rdacontent
|
| 336 |
|
|
|a statický obraz
|b sti
|2 rdacontent
|
| 337 |
|
|
|a bez média
|b n
|2 rdamedia
|
| 338 |
|
|
|a svazek
|b nc
|2 rdacarrier
|
| 500 |
|
|
|a Název z obálky
|
| 521 |
8 |
|
|a Pro žáky s ukončeným 1.-5. ročníkem ZŠ
|
| 650 |
0 |
7 |
|a učivo základních škol
|7 ph136701
|2 czenas
|
| 650 |
0 |
9 |
|a elementary school curriculum
|2 eczenas
|
| 655 |
|
7 |
|a pracovní sešity
|7 fd133116
|2 czenas
|
| 655 |
|
9 |
|a activity books
|2 eczenas
|
| 700 |
1 |
|
|a Wantulok, Tomáš
|4 ill
|
| 910 |
2 |
|
|a BOA001
|b 2-1514.206
|s 1-5
|
| 990 |
|
|
|a BK
|
| 995 |
|
|
|a 01
|
| 991 |
|
|
|b 202310
|c NOV
|
| 996 |
6 |
|
|b 2610951078
|c 2-1514.206
|d 1. díl
|v 1
|l MZK
|r Sklad / do 1 hodiny
|n 0
|p p.v.
|w 001941349
|u 000010
|a 1
|e BOA001
|j MZK50
|s P
|
| 996 |
6 |
|
|b 2610951079
|c 2-1514.206
|d 2. díl
|v 2
|l MZK
|r Sklad / do 1 hodiny
|n 0
|p p.v.
|w 001941349
|u 000020
|a 1
|e BOA001
|j MZK50
|s P
|
| 996 |
6 |
|
|b 2610951080
|c 2-1514.206
|d 3. díl
|v 3
|l MZK
|r Sklad / do 1 hodiny
|n 1
|p p.v.
|w 001941349
|u 000030
|a 1
|e BOA001
|j MZK50
|s P
|
| 996 |
6 |
|
|b 2610951081
|c 2-1514.206
|d 4. díl
|v 4
|l MZK
|r Sklad / do 1 hodiny
|n 0
|p p.v.
|w 001941349
|u 000040
|a 1
|e BOA001
|j MZK50
|s P
|
| 996 |
6 |
|
|b 2610951082
|c 2-1514.206
|d 5. díl
|v 5
|l MZK
|r Sklad / do 1 hodiny
|n 0
|p p.v.
|w 001941349
|u 000050
|a 1
|e BOA001
|j MZK50
|s P
|